000 00305nam a2200121Ia 4500
008 190216s9999||||xx |||||||||||||| ||und||
100 _aStephen H Archer & Charls A D`Ambrosio
245 0 _aTheory Of Business Finance
260 _bMacmillan
_c1976
300 _a697p
650 _aCommerce
942 _cBK
999 _c4354
_d4354